Guess the 2010s Song from the Lyrics - Statistics

General Stats
  • This quiz has been taken 85 times
  • The average score is 6 of 15
Answer Stats
Hint Answer % Correct
Girl, you know I want your love Your love was handmade for somebody like me Come on now, follow my lead I may be crazy, don't mind me Say, boy, let's not talk too much Grab on my waist and put that body on me Come on now, follow my lead Come, come on now, follow my lead, mm Shape of you
79%
But you didn't have to cut me off Make out like it never happened and that we were nothin' And I don't even need your love But you treat me like a stranger, and that feels so rough Somebody that I used to know
75%
Clap along if you feel like a room without a roof Clap along if you feel like happiness is the truth Clap along if you know what happiness is to you Clap along if you feel like that's what you wanna do Happy
73%
I know it breaks your heart Moved to the city in a broke-down car, and Four years, no calls Now you're lookin' pretty in a hotel bar And I-I-I can't stop No, I-I-I can't stop Closer
59%
What would I do without your smart mouth? Drawing me in, and you kicking me out You've got my head spinning, no kidding, I can't pin you down What's going on in that beautiful mind? I'm on your magical mystery ride And I'm so dizzy, don't know what hit me, but I'll be alright All of Me
56%
Ooh, I see you, see you, see you every time And oh my, I, I, I like your style You, you make me, make me, make me wanna cry And now I beg to see you dance just one more time Dance Monkey
52%
I look around and Sin City's cold and empty (oh) No one's around to judge me (oh) I can't see clearly when you're gone Blinding Lights
40%
Thought I found a way Thought I found a way out (found) But you never go away (never go away) So I guess I gotta stay now Oh, I hope some day I'll make it out of here Even if it takes all night or a hundred years Need a place to hide, but I can't find one near Wanna feel alive, outside I can't fight my fear Lovely
34%
House so empty, need a centerpiece Twenty racks a table, cut from ebony Cut that ivory into skinny pieces Then she clean it with her face, man, I love my baby, ah You talkin' money, need a hearin' aid You talkin' 'bout me, I don't see the shade Switch up my style, I take any lane I switch up my cup, I kill any pain Starboy
30%
Party girls don't get hurt Can't feel anythin', when will I learn? I push it down, I push it down I'm the one for a good time call Phone's blowin' up, ringin' my doorbell I feel the love, I feel the love Chandelier
23%
There's a fire starting in my heart Reaching a fever pitch and it's bringing me out the dark Finally, I can see you crystal clear Go ahead and sell me out and I'll lay your shit bare See how I'll leave with every piece of you Rolling in the deep
23%
When I was young, I fell in love We used to hold hands, man, that was enough (yeah) Then we grew up, started to touch Used to kiss underneath the light on the back of the bus (yeah) Oh no, your daddy didn't like me much And he didn't believe me when I said you were the one Oh, every day she found a way out of the window to sneak out late Eastside
22%
You and me, we made a vow For better or for worse I can't believe you let me down But the proof's in the way it hurts For months on end, I've had my doubts Denying every tear I wish this would be over now But I know that I still need you here I'm not the only one
11%
I didn't mean to end his life, I know it wasn't right I can't even sleep at night, can't get it off my mind I need to get out of sight, 'fore I end up behind bars What started out as a simple altercation Turned into a real sticky situation Me just thinkin' on the time that I'm facin' Makes me wanna cry Man Down
7%
When you get older, plainer, saner Will you remember all the danger we came from? Burnin' like embers, falling tender Longing for the days of no surrender, years ago And will you know? Lost on You
4%
No matching quizzes found
Score Distribution
Percent of People with Each Score
Percentile by Number Answered
Your Score History
You have not taken this quiz